000 00477nam a2200157Ia 4500
008 100122s9999 xx 000 0 und d
082 _b53639
_a922.945
100 _aउमदीकर भाऊराव
245 _aजीवनगंगा
260 _bसदानंद आरोसकर
_c1997
300 _a133
630 _aजीवनगंगा
700 _aदेशपांडे म श्री
730 _aजीवनगंगा
942 _cBOOK
999 _c430645
_d430642